000 01543nam a2200445 i 4500
001 30134
003 KOSZ 005
005 20210811092423.0
008 970510s1993 pl a f |000 0 pol
015 _aUWD 1993/10575
020 _a8390055937
035 _a991001165449705066
035 _a(PL-WaBN)b10344378-48omnis_nlop
035 _ab10344378
035 _a(OCoLC)69520906
035 _a(PL)b0000001034437
035 _a(EXLNZ-48OMNIS_NETWORK)9910372190505606
040 _aWA N
_cWA N
_dKOSZ 005/EG
080 _a504
080 _a(438)
100 1 _aNowicki, Maciej
_d(1941- )
_eAutor
245 1 0 _aStrategia ekorozwoju Polski /
_cMaciej Nowicki ; Ministerstwo Ochrony Środowiska, Zasobów Naturalnych i Leśnictwa.
260 _aWarszawa :
_bAgencja Reklamowo-Wydawnicza A. Grzegorczyk,
_c1993.
300 _a182 s. :
_bil. kolor., fot., mapy, wykr. ;
_c26 cm.
336 _aTekst
_btxt
_2rdacontent
337 _aBez urządzenia pośredniczącego
_bn
_2rdamedia
338 _aWolumin
_bnc
_2rdacarrier
380 _aKsiążki
388 _a1901-2000
388 _a1989-2000
504 _aBibliogr. s. 181-182.
650 7 _aRozwój zrównoważony
_2DBN
650 7 _aEkorozwój
_2DBN
651 7 _aPolska
658 _aOchrona środowiska
710 2 _aAgencja Reklamowo-Wydawnicza Arkadiusz Grzegorczyk
_4pbl
856 _uhttp://koha.tu.koszalin.pl/cgi-bin/koha/opac-detail.pl?biblionumber=30134
_yKatalog online BPK
942 _2UKD
_cKS
999 _c30134
_d30134